[Event "Dolakha Tamang Memorial"]
[Site "Dolakha"]
[Date "2023.05.22"]
[Round "8"]
[White "Mohit, Kumar Soni"]
[Black "Mahindrakar, Indrajeet"]
[Result "0-1"]
[WhiteElo "1680"]
[BlackElo "1971"]
[PlyCount "96"]
[EventDate "2023.05.19"]
[EventType "swiss"]
[EventRounds "9"]
[EventCountry "NEP"]
[SourceTitle "EXT 2024"]
[Source "ChessBase"]
[SourceDate "2023.10.10"]
[SourceVersion "1"]
[SourceVersionDate "2023.10.10"]
[SourceQuality "1"]

1. e4 Nf6 2. e5 Nd5 3. d4 d6 4. Nf3 Bg4 5. Bc4 e6 6. 0-0 Nc6 7. Re1 Bxf3 8. Qxf3 Nxd4 9. Qd1 dxe5 10. c3 Nc6 11. b4 a6 12. a4 Nb6 13. Bd3 g6 14. Ra2 Bg7 15. Rd2 Bh6 16. Rc2 Bxc1 17. Rxc1 Nxa4 18. Rc2 Nb6 19. Rd2 Qg5 20. Be4 0-0 21. Qf3 Nd5 22. Bxd5 exd5 23. Rxd5 Rad8 24. Rc5 Rd6 25. Na3 Qd2 26. Rf1 Qd3 27. Qg4 b6 28. Rc4 Qd5 29. Qg5 f6 30. Qc1 Rfd8 31. h4 R8d7 32. Rg4 Qd2 33. Qb1 Qe2 34. Re4 Qd3 35. Qb3+ Kg7 36. Re3 Qd5 37. Qa4 a5 38. h5 axb4 39. hxg6 hxg6 40. c4 Qa5 41. Qc2 bxa3 42. Rg3 Ne7 43. Ra1 a2 44. Rxa2 Qe1+ 45. Kh2 Rd1 46. Rg4 Qh1+ 47. Kg3 R7d3+ 48. f3 Nf5+ 0-1

[Event "Guwahati op 1st"]
[Site "Guwahati"]
[Date "2022.03.15"]
[Round "2"]
[White "Mohit, Kumar Soni"]
[Black "Ponkratov, Pavel"]
[Result "0-1"]
[WhiteElo "1856"]
[BlackElo "2641"]
[PlyCount "48"]
[EventDate "2022.03.14"]
[EventType "swiss"]
[EventRounds "10"]
[EventCountry "IND"]
[SourceTitle "CBM 207 Extra"]
[Source "ChessBase"]
[SourceDate "2022.05.31"]
[SourceVersion "1"]
[SourceVersionDate "2022.05.31"]
[SourceQuality "1"]

1. e4 e5 2. d4 exd4 3. Qxd4 Nc6 4. Qe3 Nf6 5. Nc3 Bb4 6. Bd2 0-0 7. 0-0-0 Re8 8. f3 a5 9. g4 d5 10. g5 d4 11. Qf2 dxc3 12. Bxc3 Nd7 13. h4 Bxc3 14. bxc3 Qe7 15. g6 Qa3+ 16. Kd2 hxg6 17. h5 Qc5 18. Qh2 gxh5 19. Kc1 Nf6 20. Rd5 Nxd5 21. Qxh5 Qe3+ 22. Kb2 Qh6 23. Qxh6 gxh6 24. exd5 Re1 0-1

[Event "IND-chT 40th"]
[Site "Ahmedabad"]
[Date "2020.02.09"]
[Round "4.5"]
[White "Mohit, Kumar Soni"]
[Black "Sahoo, Utkal Ranjan"]
[Result "0-1"]
[WhiteElo "1857"]
[BlackElo "2336"]
[PlyCount "66"]
[EventDate "2020.02.07"]
[EventType "team-swiss"]
[EventRounds "9"]
[EventCountry "IND"]
[SourceTitle "CBM 194 Extra"]
[Source "ChessBase"]
[SourceDate "2020.03.31"]
[SourceVersion "1"]
[SourceVersionDate "2020.03.31"]
[SourceQuality "1"]
[WhiteTeam "Bihar"]
[BlackTeam "Odisha"]
[WhiteTeamCountry "IND"]
[BlackTeamCountry "IND"]

1. e4 e5 2. d4 exd4 3. Qxd4 Nc6 4. Qe3 Nf6 5. Nc3 Bb4 6. Bd2 0-0 7. 0-0-0 Re8 8. f3 d6 9. h4 d5 10. Qf2 d4 11. Bg5 Bxc3 12. bxc3 Qe7 13. cxd4 Qa3+ 14. Kb1 Na5 15. Rd3 Qb4+ 16. Kc1 Re6 17. c3 Qf8 18. Qc2 Bd7 19. d5 Rb6 20. c4 Rb4 21. Rc3 Ba4 22. Qf2 Nd7 23. Be3 c6 24. h5 cxd5 25. exd5 Rc8 26. Rh4 Qd6 27. Rd4 Qb6 28. Bd3 Ne5 29. Bf5 Bd7 30. Bc2 Qa6 31. c5 Nac4 32. a3 Rxc5 33. axb4 Qa1+ 0-1

[Event "New Delhi Parsvnath blitz op 18th"]
[Site "New Delhi"]
[Date "2020.01.14"]
[Round "6"]
[White "Mohit, Kumar Soni"]
[Black "Liyanage, Ranindu Dilshan"]
[Result "0-1"]
[WhiteElo "1932"]
[BlackElo "2124"]
[PlyCount "102"]
[EventDate "2020.01.14"]
[EventType "swiss (blitz)"]
[EventRounds "9"]
[EventCountry "IND"]
[SourceTitle "CBM 194 Extra"]
[Source "ChessBase"]
[SourceDate "2020.03.31"]
[SourceVersion "1"]
[SourceVersionDate "2020.03.31"]
[SourceQuality "1"]

1. e4 g6 2. g3 Bg7 3. Bg2 c5 4. Ne2 Nc6 5. 0-0 d6 6. c3 e5 7. Na3 Nge7 8. Nc2 0-0 9. d4 cxd4 10. cxd4 exd4 11. Nexd4 Nxd4 12. Nxd4 d5 13. exd5 Nxd5 14. Nb3 Nb4 15. Qxd8 Rxd8 16. Bg5 f6 17. Be3 Be6 18. Bxb7 Rab8 19. Bg2 Nc2 20. Bxa7 Nxa1 21. Bxb8 Nxb3 22. Bc7 Rc8 23. axb3 Rxc7 24. b4 Rc2 25. Re1 Kf7 26. b5 Rxb2 27. Bc6 Bf8 28. Rc1 Be7 29. h4 Bd8 30. f3 Bb6+ 31. Kh1 Bf5 32. g4 Rb1 33. Rxb1 Bxb1 34. Kg2 Bd3 35. f4 Ke7 36. Kf3 Kd6 37. h5 gxh5 38. gxh5 f5 39. Be8 h6 40. Bc6 Kc5 41. Bd7 Be4+ 42. Kg3 Kd4 43. Be6 Ke3 44. Bd7 Bc7 45. Bc6 Bxf4+ 46. Kh3 Bxc6 47. bxc6 Bc7 48. Kg2 Kd4 49. Kf3 Kc5 50. Ke3 Kxc6 51. Kd4 Kd6 0-1